000 00815cab a2200193 4500
001 ABS39028
008 090401t1988 xxu||||| |||| 00| 0 eng d
035 _a(Sirsi) u13889
041 _aeng
100 _aHowell, D.M.
245 _aMetal cladding for roofs and walls - will it meet your needs?
260 _c1988
350 _a0
490 _aConstruction & Building Materials
_v2(1) March 1988, 10-15(6)
520 _aA brief history of the development of metal cladding systems with a description of current techniques for manufacture. Matters which affect performance are discussed and guidance is given to the specifier on selection of materials. A summary of test results is given. References. (Journal Abstract).
690 _aBUILT ENVIRONMENT-BUILDING MATERIALS
942 _n0
948 _c04/03/1997
999 _c8972
_d8972